Management du sport : Marketing et gestion des clubs sportifs (notice n° 1928674)
[ vue normale ]
| 000 -LEADER | |
|---|---|
| fixed length control field | 01631cam a2200157 4500500 |
| 005 - DATE AND TIME OF LATEST TRANSACTION | |
| control field | 20260329023650.0 |
| 041 ## - LANGUAGE CODE | |
| Language code of text/sound track or separate title | fre |
| 042 ## - AUTHENTICATION CODE | |
| Authentication code | dc |
| 100 10 - MAIN ENTRY--PERSONAL NAME | |
| Personal name | Tribou, Gary |
| Relator term | author |
| 245 00 - TITLE STATEMENT | |
| Title | Management du sport : Marketing et gestion des clubs sportifs |
| 260 ## - PUBLICATION, DISTRIBUTION, ETC. | |
| Name of publisher, distributor, etc. | Dunod,<br/> |
| Date of publication, distribution, etc. | 2025.<br/> |
| 520 ## - SUMMARY, ETC. | |
| Summary, etc. | Secteur stratégique aux moyens limités, le sport s’est hissé au rang d’acteur majeur en intégrant les outils du management moderne, adaptés à ses enjeux singuliers. De la gestion budgétaire du Paris Saint-Germain à l’image du Stade Français, en passant par les transferts de joueurs et l’engagement des bénévoles, cet ouvrage offre une vision complète du management des clubs sportifs. À travers une analyse approfondie des marchés du sport, il explore le fonctionnement des clubs amateurs et professionnels et détaille successivement:• la stratégie marketing des clubs, notamment en matière d’innovation&#8239;;• leur communication et leur politique de sponsoring&#8239;;• la gestion des ressources humaines, intégrant salariés et bénévoles&#8239;;• les outils d’analyse financière et de contrôle de gestion.Entièrement remaniée, cette 6e édition intègre les dernières évolutions réglementaires et sectorielles. Riche en exemples concrets, études de cas et témoignages, elle constitue une ressource essentielle pour comprendre et maîtriser les enjeux du management sportif. |
| 700 10 - ADDED ENTRY--PERSONAL NAME | |
| Personal name | Dermit, Nadine |
| Relator term | author |
| 700 10 - ADDED ENTRY--PERSONAL NAME | |
| Personal name | Mahmoudi, Ramin |
| Relator term | author |
| 856 41 - ELECTRONIC LOCATION AND ACCESS | |
| Uniform Resource Identifier | <a href="https://shs.cairn.info/management-du-sport--9782100878154?lang=fr&redirect-ssocas=7080">https://shs.cairn.info/management-du-sport--9782100878154?lang=fr&redirect-ssocas=7080</a> |
Pas d'exemplaire disponible.




Réseaux sociaux